Tilastot visalle Studio Ghibli elokuvat

Klikkaa tästä pelataksesi tätä visaa!

Yleistilastot

  • Tätä visaa on pelattu 101 kertaa
    (100 viimeisimmän päivityksen jälkeen)
  • Keskiarvotulos 11 / 22

Vastaustilastot

VuosiElokuva% Oikein
1988Naapurini Totoro
97%
2004Liikkuva linna
93%
2001Henkien kätkemä
90%
1997Prinsessa Mononoke
68%
2008Ponyo rantakalliolla
63%
1989Kikin lähettipalvelu
62%
2002Kissojen valtakunta
62%
1986Laputa – linna taivaalla
60%
1992Porco Rosso
53%
2010Kätkijät
47%
1984Tuulen laakson Nausicaä
46%
1988Tulikärpästen hauta
44%
2013Tuuli nousee
43%
2011Kukkulan tyttö, sataman poika
40%
2014Marnie – tyttö ikkunassa
38%
1995Sydämen kuiskaus
37%
2006Maameren tarinat
35%
1994Pom Poko
34%
1993Aaltojen kuohu
29%
1991Eilisen kuiskaus
25%
2013Prinsessa Kaguyan taru
21%
1999Naapurini Yamadat
16%

Tulosjakauma

Persentiili vastausten määrän mukaan

Jokaisen tuloksen saaneiden osuus

Tuloshistoriasi

Et ole pelannut tätä visaa sen viimeisimmän päivityksen jälkeen